00393 a2200157 450000500170000001000130001702000260003003500130005603700090006908200060007810000200008424500610010426000290016527000190019430000220021320240520124029.0 aB-759115 a9789354716430c599.00 aB-759115 bGift aN aTarshis, Lauren aI Survived The American Revolution,1776/cLauren Tarshis aLondonbScholasticc2023 aLondonbLondon a158 p.c22 cm(Pb)